=LDR 00000nam 2200000 4500 =001 000572 =005 20250711125813 =035 ##$$a 0010-0725000440 =007 ta =008 250711################a##########0#ind## =020 ##$$a 978-623-118-805-2 =082 ##$$a 398.209 598 =084 ##$$a 398.209 598 GON a =100 #$$a Lydia Angela Gonodiharjo =245 1#$$a Aduh, Beru Berulah lagi /$c Lydia Angela Gonodiharjo =250 ##$$a Cetakan Pertama =260 ##$$a Rawamangun :$b Badan Pengembangan dan Pembinaan Bahasa,$c 2022 =300 ##$$a 28 hlm. : $b Ilus. ; $c 29,7 cm. =650 #4$$a Cerita Anak - Indonesia =650 #4$$a Cerita Bergambar =856 ##$$a TBM AS SUHADA =990 ##$$a TBM03330333